Most Powerful Passports of the World! - Statistics

General Stats
  • This quiz has been taken 62 times
  • The average score is 13 of 15
Answer Stats
visas* Passport Holder's Country % Correct
4 United Kingdom
97%
4 France
93%
1 Germany
93%
3 United States
93%
3 Spain
92%
4 Norway
90%
2 Sweden
90%
3 Italy
88%
4 Netherlands
86%
4 Belgium
85%
3 Denmark
85%
3 Finland
85%
4 Austria
76%
4 Luxembourg
68%
4 Singapore
51%
No matching quizzes found
Score Distribution
Percent of People with Each Score
Percentile by Number Answered
Your Score History
You have not taken this quiz